Filters and filtration handbook / (Record no. 11419)
[ view plain ]
| 000 -LEADER | |
|---|---|
| fixed length control field | 00854nam a22002535a 4500 |
| 001 - CONTROL NUMBER | |
| control field | 15248010 |
| 005 - DATE AND TIME OF LATEST TRANSACTION | |
| control field | 20080404160023.0 |
| 008 - FIXED-LENGTH DATA ELEMENTS--GENERAL INFORMATION | |
| fixed length control field | 080404s2008 mau 000 0 eng |
| 010 ## - LIBRARY OF CONGRESS CONTROL NUMBER | |
| LC control number | 2008926526 |
| 020 ## - INTERNATIONAL STANDARD BOOK NUMBER | |
| International Standard Book Number | 9781856174640 |
| 040 ## - CATALOGING SOURCE | |
| Original cataloging agency | DLC |
| Transcribing agency | DLC |
| 082 ## - DEWEY DECIMAL CLASSIFICATION NUMBER | |
| Edition number | 22 |
| Classification number | 660.284245 |
| Item number | SUT |
| 100 1# - MAIN ENTRY--PERSONAL NAME | |
| Personal name | Sutherland, Ken. |
| 9 (RLIN) | 4203 |
| 245 10 - TITLE STATEMENT | |
| Title | Filters and filtration handbook / |
| Statement of responsibility, etc | Ken Sutherland. |
| 250 ## - EDITION STATEMENT | |
| Edition statement | 5th ed. |
| 260 ## - PUBLICATION, DISTRIBUTION, ETC. (IMPRINT) | |
| Place of publication, distribution, etc | Boston, MA : |
| Name of publisher, distributor, etc | Elsevier, |
| Date of publication, distribution, etc | 2008. |
| 263 ## - PROJECTED PUBLICATION DATE | |
| Projected publication date | 0805 |
| 300 ## - PHYSICAL DESCRIPTION | |
| Extent | 523p.: |
| Dimensions | ; 24 cm. |
| 650 ## - SUBJECT ADDED ENTRY--TOPICAL TERM | |
| 9 (RLIN) | 4202 |
| Topical term or geographic name as entry element | Filters and filtration |
| Form subdivision | -- Handbooks, manuals, etc. |
| 906 ## - LOCAL DATA ELEMENT F, LDF (RLIN) | |
| b | ibc |
| c | orignew |
| d | 2 |
| e | epcn |
| f | 20 |
| g | y-gencatlg |
| 942 ## - ADDED ENTRY ELEMENTS (KOHA) | |
| Source of classification or shelving scheme | Dewey Decimal Classification |
| Item type | |
| Withdrawn status | Item status | Source of classification or shelving scheme | Damaged status | Not for loan | Vendor | Home library | Current library | Shelving location | Date acquired | Source of acquisition | Cost, normal purchase price | Serial Enumeration / chronology | Total Checkouts | Full call number | Barcode | Date last seen | Koha item type |
|---|---|---|---|---|---|---|---|---|---|---|---|---|---|---|---|---|---|
| Dewey Decimal Classification | Baccah | Central Library | Central Library | First floor | 26/04/2009 | 1300.00 | 7117 | 660.284245 SUT | 000015996 | 15/07/2025 | Book - Borrowing |